00354 2200145 4500245006800000250001100068100002200079650001700101650001600118005001900134260001800153041001400171084001400185336000900199 a5500 Day Of My Life b : AutobiograficMuhammad FahrizalhText aCet. 1 aMuhammad Fahrizal aAutobiografi aKarya Siswa a20250521114814 aJakartac2025 aIndonesia a081 MUH a atext